WHITE HOUSE YEARS (Record no. 579654)

000 -LEADER
fixed length control field 00246nam a22001097a 4500
082 ## - DEWEY DECIMAL CLASSIFICATION NUMBER
Classification number 923.1973 KIS'W
100 ## - MAIN ENTRY--PERSONAL NAME
Personal name KISSINGER, HENRY
9 (RLIN) 46579
245 ## - TITLE STATEMENT
Title WHITE HOUSE YEARS
260 ## - PUBLICATION, DISTRIBUTION, ETC.
Place of publication, distribution, etc. BOSTON
Name of publisher, distributor, etc. LITTLE BROWN
Date of publication, distribution, etc. 1979
300 ## - PHYSICAL DESCRIPTION
Extent 1521P
942 ## - ADDED ENTRY ELEMENTS (KOHA)
Koha item type Book
Holdings
Withdrawn status Lost status Damaged status Not for loan Permanent Location Current Location Shelving location Date acquired Total Checkouts Full call number Barcode Date last seen Price effective from Koha item type
        College of Electrical & Mechanical Engineering (CEME) College of Electrical & Mechanical Engineering (CEME) General Stacks 04/28/2017   923.1973 KIS'W CEME-15566 06/28/2021 06/28/2021 Book
© 2023 Central Library, National University of Sciences and Technology. All Rights Reserved.